College Football Matchups: SMU - Statistics

General Stats
  • This quiz has been taken 54 times
  • The average score is 12 of 16
Answer Stats
Games Opponent Subdivision % Correct
73 Texas Power 4
100%
104 TCU Power 4
97%
83 Baylor Power 4
90%
37 Houston Power 4
90%
49 Texas Tech Power 4
90%
91 Rice Group of 5
84%
81 Texas A&M Power 4
81%
73 Arkansas Power 4
77%
30 Tulane Group of 5
77%
20 UTEP Group of 5
77%
16 Memphis Group of 5
71%
30 Tulsa Group of 5
68%
43 North Texas Group of 5
61%
25 Navy Group of 5
55%
23 Missouri Power 4
45%
13 Notre Dame Power 4
16%
No matching quizzes found
Score Distribution
Percent of People with Each Score
Percentile by Number Answered
Your Score History
You have not taken this quiz